First year at the university : a freshman's guide.

Saved in:
Bibliographic Details
Main Author: Truscot, Bruce
Format: Book
Language:English
Published: Lond. : Faber, 1946.
Subjects:
LEADER 00769nam a22002171 4500
001 c000370893
003 CARM
005 00000000000000.0
008 851211s1946 enk 0 eng d
019 1 |a 23941782  |z 45073809  |z 4181831  |5 LACONCORD2021 
035 |a (OCoLC)11309844  |5 LACONCORD2021 
100 1 |a Truscot, Bruce. 
245 1 0 |a First year at the university :  |b a freshman's guide. 
260 |a Lond. :  |b Faber,  |c 1946. 
650 0 |a Students. 
650 0 |a Universities and colleges. 
650 0 |a Study skills. 
852 8 |b CARM  |h A2:AQ04A0  |i A04108  |p 0346451  |f BK 
082 0 4 |a 378 
999 f f |i 34a48c4b-9ecd-5bd1-93e7-f41788ffba16  |s a056000f-d8c3-5116-a553-8f28cb084ae3 
952 f f |p Can circulate  |a CAVAL  |b CAVAL  |c CAVAL  |d CARM 1 Store  |e A04108  |f A2:AQ04A0  |h Other scheme  |i book  |m 0346451